K vývoji ekonomiky v roce 1991.

Východiskom úvah o vývoji ekonomiky v r. 1991 je dôsledná realizácia scenára ekonomickej reformy, ktorá vytvára základný systémový i makroekonomický rámec pohybu ekonomiky. Rozbor pravdepodobnej reakcie ekonomiky na nové systémové podmienky. Charakteristika troch fáz ekonomického vývoja: fázy cenové...

Descripción completa

Guardado en:
Detalles Bibliográficos
Autor principal: Ungerman, J.
Formato: Capítulo de libro
Lenguaje:checo
Materias:
Etiquetas: Agregar Etiqueta
Sin Etiquetas, Sea el primero en etiquetar este registro!

MARC

LEADER 00000naa a2200000 4500
001 r003482
005 20221125080628.2
041 0 |a cze 
044 |a [CS] 
245 1 0 |a K vývoji ekonomiky v roce 1991.  |c J. Ungerman 
520 |a Východiskom úvah o vývoji ekonomiky v r. 1991 je dôsledná realizácia scenára ekonomickej reformy, ktorá vytvára základný systémový i makroekonomický rámec pohybu ekonomiky. Rozbor pravdepodobnej reakcie ekonomiky na nové systémové podmienky. Charakteristika troch fáz ekonomického vývoja: fázy cenového nárazu, fázy adaptácie ekonomiky a fázy oživenia. 
610 2 0 |a rozvoj hospodársky 
610 2 0 |a reformy hospodárske 
610 2 0 |a 1991 
610 2 0 |a ČSFR 
610 2 0 |a analýza ekonomická 
610 2 0 |a ceny 
610 2 0 |a oživenie 
100 1 |a Ungerman, J.